Igualdad, libertad de expresión e interés público.
Saved in:
| Main Authors: | , , , |
|---|---|
| Andre forfattere: | , , , , , , , , , , |
| Format: | Bog |
| Sprog: | engelsk |
| Udgivet: |
Santiago, Chile:
Escuela de Derecho, Universidad Diego Portales,
2000.
|
| Serier: | Cuadernos de análisis jurídico. Publicaciones especiales,
|
| Fag: | |
| Tags: |
Tilføj Tag
Ingen Tags, Vær først til at tagge denne postø!
|
MARC
| LEADER | 00000nam a22000007a 4500 | ||
|---|---|---|---|
| 003 | CL-VaPUC | ||
| 005 | 20221215165327.0 | ||
| 008 | 220808t2000 ||||| |||| 00| 0 eng d | ||
| 999 | |c 438084 |d 438082 | ||
| 020 | |a 956-7397-03-1 | ||
| 040 | |c Pontificia Universidad Católica de Valparaíso | ||
| 082 | |2 22 |a 323.42 GON 2000 | ||
| 100 | |9 875053 |a González, Felipe |e editor | ||
| 245 | |a Igualdad, libertad de expresión e interés público. | ||
| 260 | |a Santiago, Chile: |b Escuela de Derecho, Universidad Diego Portales, |c 2000. | ||
| 300 | |a 296 páginas. | ||
| 490 | |a Cuadernos de análisis jurídico. Publicaciones especiales, |n 10. | ||
| 500 | |a c.1 Donación Familia Prof. Alejandro Guzmán Brito. | ||
| 583 | |c 20220808 |k Yessy Sthefany Diaz Vidal | ||
| 650 | 0 | |9 329993 |a Libertad de expresión |z Chile | |
| 650 | 0 | |9 382454 |a Igualdad ante la ley |z Chile | |
| 700 | |9 875054 |a Viveros, Felipe |e editor | ||
| 700 | |9 875051 |a Abramovich, Víctor |e autor | ||
| 700 | |9 875056 |a Adrianzen, Alberto |e autor | ||
| 700 | |9 875057 |a Atria, Fernanda |e autora | ||
| 700 | |9 467935 |a Courtis, Christian |e author | ||
| 700 | |9 605722 |a Espejo Yaksic, Nicolás | ||
| 700 | |9 875059 |a Faerman, Romina |e autora | ||
| 700 | |9 869207 |a Figueroa García-Huidobro, Rodolfo | ||
| 700 | |9 575518 |a Gargarella, Roberto |e author | ||
| 700 | |9 519688 |a Alliende González, Felipe |e author | ||
| 700 | |9 875060 |a Menéndez, Virginia |e autora | ||
| 700 | |a Otano Garde, Rafael |e autor |9 519663 | ||
| 700 | |9 875061 |a Puga, Mariela |e autora | ||
| 700 | |9 326335 |a Sunkel, Guillermo |e author | ||
| 942 | |2 ddc |c BK |n 0 | ||
| 952 | |0 0 |1 0 |2 ddc |4 0 |6 323_420000000000000_GON_2000 |7 0 |8 C_AGB |9 585962 |a BIBDER |b BIBDER |d 2022-08-08 |e Donación |i 5653909 |o 323.42 GON 2000 |p 5653909 |r 2023-01-25 |t 1 |w 2022-08-08 |y BK_US |k AGB | ||